| 000 | 04026nam0a2200457 4500 | ||
|---|---|---|---|
| 001 | RU\NLR\BIBL_A\012218330 | ||
| 005 | 20260407185306.0 | ||
| 035 | _a(NLR Aleph) 012218330 | ||
| 090 |
_a10919457 _c10919457 |
||
| 100 | _a20200213d1899 |||y0rusy50 ca | ||
| 101 | 0 | _arus | |
| 102 | _aRU | ||
| 105 | _ay z 000zy | ||
| 181 | 0 |
_ai _baxxe |
|
| 182 | 0 | _an | |
| 200 | 1 |
_aОб учреждении высшего горного училища в г. Екатеринославе _eпредставление по этому делу разослано Членам Государственного Совета, в печатных экземплярах _fГосударственный Совет в Соединенных Департаментах Государственной Экономии и Законов, Министерство Земледелия и Государственных Имуществ. 21 апреля 1899 года. № 229 |
|
| 203 |
_aТекст _bвизуальный _cнепосредственный |
||
| 210 |
_a[C.-Петербург _cб. и.] _d1899 |
||
| 215 |
_a23 с. _d33 |
||
| 300 | _aВ конце текстов: Подписали: М. Каханов, Н. Чихачов, П. Лобко [и др.]; Скрепил: Исправляющий должность Статс-Секретаря Д. Философов | ||
| 300 | _aНа с. 1 ... 21: DXCVII | ||
| 309 | _aБез тит. л. и обл. | ||
| 327 | 1 | _aВ документе также: Положение о Екатеринославском высшем горном училище: проект, исправленный по заключениям Соединенных Департаментов Государственной Экономии и Законов; Штат Екатеринославского высшего горного училища: проект | |
| 517 | 1 |
_aШтат Екатеринославского высшего горного училища _eпроект |
|
| 517 | 1 |
_aПоложение о Екатеринославском высшем горном училище: проект, исправленный по заключениям Соединенных Департаментов Государственной Экономии и Законов _eпроект, исправленный по заключениям Соединенных Департаментов Государственной Экономии и Законов |
|
| 601 | 0 | 1 |
_aРоссия _bСоединенные Департаменты государственной экономии и законов _jДокументы и материалы _92414113 _3RU\NLR\AUTH\6601657156 |
| 686 | 3 | _aУ03(2)53-212.11,011 | |
| 686 | 3 | _aХ2(2)5-523,011 | |
| 702 | 1 |
_4720 _7ca _8rus _aКаханов _bМ. С. _f1833-1900 _gМихаил Семёнович _9197457 _3RU\NLR\AUTH\770197508 |
|
| 702 | 1 |
_4720 _7ca _8rus _aЧихачёв _bН. М. _cадмирал, гос. деятель _f1830-1917 _gНиколай Матвеевич _9197499 _3RU\NLR\AUTH\770197550 |
|
| 702 | 1 |
_4720 _7ca _8rus _aЛобко _bП. Л. _cвоен. и гос. деятель _f1838-1905 _gПавел Львович _9198077 _3RU\NLR\AUTH\770198128 |
|
| 702 | 1 |
_4720 _7ca _8rus _aФилософов _bД. А. _cгос. деятель _f1861-1907 _gДмитрий Александрович _9216095 _3RU\NLR\AUTH\770216151 |
|
| 710 | 0 | 2 |
_aЕкатеринославское высшее горное училище _3RU\NLR\AUTH\8810121632 _9741387 |
| 712 | 0 | 1 |
_4570 _aРоссия _bМинистерство земледелия и государственных имуществ _3RU\NLR\AUTH\889941169 _9377192 |
| 712 | 0 | 1 |
_4570 _aРоссия _bСоединенные департаменты государственной экономии и законов _9636856 _3RU\NLR\AUTH\880488203 |
| 852 |
_aNLR _j135/294-342(13) |
||
| 942 | _cBOOK | ||
| 980 | _aNB | ||